| 000 | 01011cam a2200181ua 4500 | ||
|---|---|---|---|
| 020 | _c14.00 | ||
| 041 |
_aeng _h |
||
| 082 |
_a727.1 _bIND/RE |
||
| 110 | 1 |
_aIndian Standards Institution . _b _c(New Delhi ) |
|
| 245 |
_aRecommendation for basic requirements of school buildings, IS 8827-1978 / _cIndian Standards Institution. _hTextual Documents |
||
| 250 |
_a1 / _b. |
||
| 260 |
_aNew Delhi : _bIndian Standards Institution , _c1978. |
||
| 300 | _a34 ; . | ||
| 365 | _a14.00 | ||
| 504 | _a | ||
| 942 | _cBK | ||
| 999 |
_c7700 _d7700 |
||